| 000 | nam a22 7a 4500 | ||
|---|---|---|---|
| 999 |
_c19831 _d19831 |
||
| 008 | 170117b xxu||||| |||| 00| 0 eng d | ||
| 020 | _a0968450342 | ||
| 050 | _aHB 172.5 .A 53 2002 | ||
| 100 |
_aAnderson Bruce _d2002 |
||
| 245 |
_aBeyond Establishment Economics. _bNo Thank-you Mankiw _cBruce Anderson |
||
| 250 | _a1st ed | ||
| 260 |
_aHalifax _bAxial press _c2002 |
||
| 300 |
_a277p; _bill; _c21cm. |
||
| 650 | _2microeconomics | ||
| 700 | _aPhilip McShane | ||
| 942 |
_2lcc _cBOOKS _hHB 172.5 .A 53 2002 _k30073 |
||